Catálogo
 En Linea

Liberalización del comercio de servicios de salud : (Registro nro. 33408)

Detalles MARC
000 -CABECERA
campo de control de longitud fija 00565nam a2200145 a 4500
001 - NÚMERO DE CONTROL
campo de control 000033917
005 - FECHA Y HORA DE LA ÚLTIMA TRANSACCIÓN
campo de control 20200930070625.0
008 - DATOS DE LONGITUD FIJA--INFORMACIÓN GENERAL
campo de control de longitud fija 110914s2008 pr 000 0 spa d
040 ## - FUENTE DE LA CATALOGACIÓN
Centro catalogador/agencia de origen DO-SdBNP
Lengua de catalogación spa
Centro/agencia transcriptor BNPHU
049 ## - FONDOS LOCALES (OCLC)
Fondos de biblioteca BNPD
100 1# - ENTRADA PRINCIPAL--NOMBRE DE PERSONA
Nombre de persona Dategekwa, Joy
9 (RLIN) 59358
245 10 - MENCIÓN DE TÍTULO
Título Liberalización del comercio de servicios de salud :
Resto del título equilibrar los intereses relativos al modo 4 con la obligación de conceder un acceso universal a los servicios básicos /
Mención de responsabilidad, etc. Joy Kategekwa.
260 ## - PUBLICACIÓN, DISTRIBUCIÓN, ETC.
Lugar de publicación, distribución, etc. [Santa Rosa Mall Bayamón] :
Nombre del editor, distribuidor, etc. Centro del Sur,
Fecha de publicación, distribución, etc. 2008.
300 ## - DESCRIPCIÓN FÍSICA
Extensión 46 P. ;
Dimensiones 29 cm.
Existencias
Estado de retiro Estado de pérdida Restricciones de uso No para préstamo Código de colección Localización permanente Ubicación/localización actual Ubicación en estantería Fecha de adquisición Número de inventario Total de préstamos Signatura topográfica completa Código de barras Fecha visto por última vez Precio válido a partir de Tipo de ítem Koha
      Excluido de préstamo Monografías: Libros y Folletos General General En catalogación 14.09.2011 LF1   33917-10 25.06.2020 25.06.2020 No se presta

Con tecnología Koha